[Event "EGY-chT"]
[Site "Egypt"]
[Date "2016.05.09"]
[Round "5.1"]
[White "Amin, Bassem"]
[Black "Tawfeik, Mohamed"]
[Result "1-0"]
[WhiteElo "2648"]
[BlackElo "2056"]
[PlyCount "169"]
[EventDate "2016.05.05"]
[EventType "team-tourn"]
[EventRounds "9"]
[EventCountry "EGY"]
[SourceTitle "CBM 172 Extra"]
[Source "ChessBase"]
[SourceDate "2016.06.21"]
[SourceVersion "1"]
[SourceVersionDate "2016.06.21"]
[SourceQuality "1"]
[WhiteTeam "Sharkia Dokhan"]
[BlackTeam "Kanal Suez"]
[WhiteTeamCountry "EGY"]
[BlackTeamCountry "EGY"]

1. Nf3 Nf6 2. g3 d5 3. Bg2 e6 4. 0-0 c5 5. d3 Nc6 6. Nbd2 Be7 7. e4 0-0 8. Re1 h6 9. e5 Nh7 10. h4 f5 11. exf6 Bxf6 12. Nh2 a5 13. a4 Qd6 14. c3 Bd7 15. Qb3 Ne5 16. Qc2 Be8 17. Ndf3 Nxf3+ 18. Nxf3 Bg6 19. Bf4 Qa6 20. Rad1 Bf5 21. Ne5 Bxe5 22. Bxe5 c4 23. Bf1 Nf6 24. Qd2 cxd3 25. Bxd3 Bxd3 26. Qxd3 Qxd3 27. Rxd3 Ne4 28. Bd4 Rac8 29. Kg2 Rfe8 30. Bb6 Rc6 31. Bxa5 Ra8 32. Bb4 Rxa4 33. f3 Nf6 34. g4 Kf7 35. Kg3 Raa6 36. Rd4 Ra8 37. h5 Re8 38. f4 Rc7 39. Kf3 Rec8 40. Ra1 g6 41. hxg6+ Kxg6 42. Ra7 Rf7 43. Bd6 Rc6 44. Ba3 h5 45. gxh5+ Nxh5 46. Ra8 e5 47. Rxd5 Rxf4+ 48. Ke3 Re6 49. Rg8+ Kf5 50. Rb5 Nf6 51. Rb8 b6 52. Ke2 Ne4 53. R5xb6 Ng3+ 54. Kd2 Rxb6 55. Rxb6 Nf1+ 56. Ke1 Ne3 57. Bc5 Nd5 58. Ra6 Rc4 59. Ra5 Nxc3 60. bxc3 Rxc3 61. Bd4 Rc4 62. Bb2 Re4+ 63. Kd2 Kf4 64. Ra8 Rb4 65. Bc3 Rb5 66. Kd3 e4+ 67. Kd4 Rf5 68. Bd2+ Kf3 69. Ra3+ Ke2 70. Be3 Kf3 71. Bc1+ Kg4 72. Kxe4 Rf1 73. Be3 Rf8 74. Bd4 Rf4+ 75. Kd5 Rf1 76. Ra7 Rf8 77. Be5 Kf5 78. Rd7 Kg4 79. Ke4 Rg8 80. Rd2 Ra8 81. Rg2+ Kh3 82. Rg3+ Kh4 83. Rg7 Rf8 84. Bf4 Ra8 85. Kf3 1-0

[Event "EGY-chT"]
[Site "Egypt"]
[Date "2016.05.06"]
[Round "2.1"]
[White "Tawfeik, Mohamed"]
[Black "Fadi, Marko"]
[Result "0-1"]
[WhiteElo "2056"]
[BlackElo "2296"]
[PlyCount "70"]
[EventDate "2016.05.05"]
[EventType "team-tourn"]
[EventRounds "9"]
[EventCountry "EGY"]
[SourceTitle "CBM 172 Extra"]
[Source "ChessBase"]
[SourceDate "2016.06.21"]
[SourceVersion "1"]
[SourceVersionDate "2016.06.21"]
[SourceQuality "1"]
[WhiteTeam "Kanal Suez"]
[BlackTeam "Abo Simbel"]
[WhiteTeamCountry "EGY"]
[BlackTeamCountry "EGY"]

1. d4 Nf6 2. Nf3 g6 3. c4 Bg7 4. Nc3 0-0 5. g3 d6 6. Bg2 c6 7. 0-0 Qa5 8. h3 Be6 9. Qd3 Qa6 10. b3 d5 11. Ne5 Rd8 12. c5 Qxd3 13. exd3 Nfd7 14. f4 Bf5 15. Rd1 f6 16. Nf3 e5 17. g4 Be6 18. fxe5 fxe5 19. Ng5 Nf8 20. dxe5 Bxe5 21. d4 Bg7 22. Be3 h6 23. Nf3 Nbd7 24. g5 hxg5 25. b4 g4 26. Ng5 gxh3 27. Nxe6 Nxe6 28. Bxh3 Ndf8 29. Ne2 Re8 30. Kf2 Re7 31. Rg1 Rf7+ 32. Ke1 Re8 33. Kd2 Rf3 34. Bxe6+ Rxe6 35. Bg5 Rf2 0-1